00721 2200253 4500001002100000005001500021035002000036008004100056245009500097100001900192250001000211260003500221300003200256020002200288084001600310082001000326650003400336500001400370500001100384700002000395504003000415990001100445990001100456INLIS00000000001173620220617025141 a0010-0622000246220617 g 0 ind 1 aFisiologi Manusia :bSiklus Reproduksi Wanita /cDesiyani Nani; penyunting, Atiatul Mu'min aDESIYANI, Nani acet.1 aJakarta :bPenebar Plus,c2018 a122 hal. :bilus. ;c20 cm. a978-602-127-972-4 a612.6 DES f a612.6 4aFISIOLOGI MANUSIA. REPRODUKSI aGlosarium aIndeks0 aATIATUL, Mu'min aBibliografi : hal.116-117 a7623 a a7623 b